[Event "Qatar Masters Open 2023"]
[Site "Doha QAT"]
[Date "2023.10.11"]
[Round "1.27"]
[White "Pranav, V"]
[Black "Akshat, Khamparia"]
[Result "1-0"]
[WhiteTitle "GM"]
[BlackTitle "IM"]
[WhiteElo "2579"]
[BlackElo "2393"]
[WhiteFideId "25060783"]
[BlackFideId "5016541"]
[EventDate "2023.10.11"]

1. e4 c5 2. Nf3 d6 3. d4 cxd4 4. Nxd4 Nf6 5. Nc3 Nc6 6. Bg5 e6 7. Qd2 a6 8.
O-O-O Bd7 9. Kb1 Nxd4 10. Qxd4 Be7 11. Rg1 Qa5 12. Qd2 Bc6 13. f3 b5 14. Bd3 b4
15. Ne2 O-O 16. h4 Rfc8 17. g4 Qc7 18. Nd4 Be8 19. f4 a5 20. f5 d5 21. e5 Qxe5
22. fxe6 Bc5 23. exf7+ Bxf7 24. Nf3 Qd6 25. Bxf6 gxf6 26. Qh6 Bg6 27. Bxg6 Rc7
28. Rge1 hxg6 29. Qxg6+ Rg7 30. Qf5 1-0

[Event "Qatar Masters Open 2023"]
[Site "Doha QAT"]
[Date "2023.10.11"]
[Round "1.28"]
[White "Jaiveer, Mahendru"]
[Black "Vokhidov, Shamsiddin"]
[Result "0-1"]
[WhiteTitle "FM"]
[BlackTitle "GM"]
[WhiteElo "2393"]
[BlackElo "2578"]
[WhiteFideId "25611151"]
[BlackFideId "14204223"]
[EventDate "2023.10.11"]

1. e4 c5 2. Nf3 d6 3. d4 cxd4 4. Nxd4 Nf6 5. Nc3 Nc6 6. Bg5 e6 7. Qd2 a6 8.
O-O-O Bd7 9. f4 h6 10. Bxf6 Qxf6 11. g3 Nxd4 12. Qxd4 Qxd4 13. Rxd4 g5 14. Bh3
h5 15. Rhd1 h4 16. Bf1 hxg3 17. hxg3 Bc6 18. f5 Rh1 19. Bc4 Rxd1+ 20. Rxd1 b5
21. Bb3 Ke7 22. Re1 Re8 23. Kd2 Bg7 24. Kd3 Be5 25. fxe6 fxe6 26. Rh1 Rf8 27.
Rh7+ Rf7 28. Rxf7+ Kxf7 29. g4 Kf6 30. Nd1 Bf4 31. Kd4 Be5+ 32. Ke3 Bh2 33. c3
Ke5 34. Bc2 Bg1+ 35. Kf3 d5 36. exd5 Bxd5+ 37. Kg3 a5 38. a4 b4 39. cxb4 axb4
40. a5 b3 41. Bd3 Bd4 42. a6 Kd6 43. Nc3 Bxc3 44. bxc3 Kc7 45. c4 Bh1 46. Kf2
Kb6 47. Ke3 Kxa6 48. Kd4 Ka5 49. Ke5 Kb4 50. Kxe6 Kc3 51. Bb1 Kxc4 52. Kf6 Kd4
53. Bg6 Be4 54. Bf7 b2 55. Ba2 Kc3 56. Kxg5 Kb4 0-1

[Event "Qatar Masters Open 2023"]
[Site "Doha QAT"]
[Date "2023.10.11"]
[Round "1.29"]
[White "Can, Emre"]
[Black "Rakhmatullaev, Almas"]
[Result "1/2-1/2"]
[WhiteTitle "GM"]
[BlackTitle "IM"]
[WhiteElo "2576"]
[BlackElo "2389"]
[WhiteFideId "6302181"]
[BlackFideId "14205793"]
[EventDate "2023.10.11"]

1. d4 d5 2. c4 e6 3. Nf3 a6 4. g3 dxc4 5. Bg2 Nc6 6. Nbd2 b5 7. Ne5 Nxe5 8. Bxa8
Qxd4 9. O-O Nf6 10. a4 Qb6 11. axb5 axb5 12. Qc2 Bb7 13. b3 Bc5 14. Bxb7 Qxb7
15. Bb2 Neg4 16. h3 Nxf2 17. Rxf2 Bxf2+ 18. Kxf2 cxb3 19. Qc5 Nd7 20. Qa7 Qd5
21. Qa8+ Ke7 22. Qxh8 Qxd2 23. Qxg7 b4 24. Rf1 c5 25. Bc1 Qd5 26. Kg1 e5 27.
Qxh7 c4 28. Bg5+ Kd6 29. Rxf7 Kc7 30. Qg8 Qd4+ 31. Kg2 b2 32. Bd8+ Kb7 33. Qh7
Kc8 34. Ba5 Qd5+ 35. Kh2 Qxa5 36. Rxd7 b1=Q 37. Qf7 Qg6 38. Qxg6 Kxd7 39. Qf7+
Kd6 40. Qxc4 Qc5 41. Qf7 b3 42. Qxb3 Qf2+ 43. Kh1 Qf1+ 44. Kh2 Qf2+ 45. Kh1 Qf1+
46. Kh2 1/2-1/2

[Event "Qatar Masters Open 2023"]
[Site "Doha QAT"]
[Date "2023.10.11"]
[Round "1.30"]
[White "Ilamparthi, A R"]
[Black "Aditya, Mittal"]
[Result "0-1"]
[WhiteTitle "IM"]
[BlackTitle "GM"]
[WhiteElo "2387"]
[BlackElo "2572"]
[WhiteFideId "45015775"]
[BlackFideId "35042025"]
[EventDate "2023.10.11"]

1. e4 c5 2. Nf3 d6 3. d4 cxd4 4. Nxd4 Nf6 5. Nc3 a6 6. f3 e5 7. Nb3 Be6 8. Be3
Be7 9. Qd2 h5 10. Nd5 Nxd5 11. exd5 Bf5 12. Be2 a5 13. a4 Nd7 14. O-O O-O 15.
Bb5 Qc7 16. Rac1 h4 17. Qf2 h3 18. g3 Bg6 19. Rfd1 f5 20. f4 Nf6 21. Bb6 Qc8 22.
fxe5 Ne4 23. Qd4 f4 24. e6 fxg3 25. hxg3 Rf2 26. Qxf2 Nxf2 27. Bxf2 Qf8 28. Nd2
Bg5 29. Bb6 Qf5 30. Rf1 Qxd5 31. Rf2 Bxd2 32. Rd1 h2+ 0-1

[Event "Qatar Masters Open 2023"]
[Site "Doha QAT"]
[Date "2023.10.11"]
[Round "1.31"]
[White "Shimanov, Aleksandr"]
[Black "Ostrovskiy, Aleksandr"]
[Result "1/2-1/2"]
[WhiteTitle "GM"]
[BlackTitle "IM"]
[WhiteElo "2566"]
[BlackElo "2385"]
[WhiteFideId "4198603"]
[BlackFideId "2034239"]
[EventDate "2023.10.11"]

1. Nf3 d5 2. d4 Nf6 3. c4 e6 4. Bg5 Bb4+ 5. Nc3 h6 6. Bxf6 Qxf6 7. e3 O-O 8. Rc1
Nc6 9. cxd5 exd5 10. Qb3 Qd6 11. Bd3 Ne7 12. O-O c6 13. Na4 Rb8 14. Qc2 Qf6 15.
Nc5 Rd8 16. a3 Bxc5 17. Qxc5 a6 18. Nd2 Bf5 19. Be2 Nc8 20. b4 Nd6 21. a4 Qg6
22. Rfe1 Bd3 23. Bd1 Re8 24. Qc3 Re7 25. Nb3 Rbe8 26. Nc5 Bc4 27. Bf3 f5 28. Nd3
Bxd3 29. Qxd3 Qf7 30. g3 g5 31. Re2 Kg7 32. Rc5 Ne4 33. Bxe4 fxe4 34. Qd1 Re6
35. b5 axb5 36. axb5 Rf6 37. bxc6 bxc6 38. Rec2 Rf8 39. Qe1 Qd7 40. Qc3 Qg4 41.
Rxc6 Qd1+ 42. Kg2 Qf3+ 43. Kg1 Qd1+ 1/2-1/2

[Event "Qatar Masters Open 2023"]
[Site "Doha QAT"]
[Date "2023.10.11"]
[Round "1.32"]
[White "Pham Tran Gia Phuc"]
[Black "Karthik, Venkataraman"]
[Result "1/2-1/2"]
[WhiteTitle "FM"]
[BlackTitle "GM"]
[WhiteElo "2384"]
[BlackElo "2563"]
[WhiteFideId "12415669"]
[BlackFideId "25006479"]
[EventDate "2023.10.11"]

1. Nf3 Nf6 2. c4 e6 3. g3 d5 4. d4 Bb4+ 5. Bd2 a5 6. Qc2 O-O 7. Bg2 Be7 8. O-O
c6 9. b3 b6 10. Bc3 Nbd7 11. Nbd2 Ba6 12. Rfd1 b5 13. e4 bxc4 14. bxc4 dxc4 15.
Bf1 c5 16. Nxc4 Bb7 17. d5 exd5 18. Rab1 Ra7 19. Rxb7 Rxb7 20. exd5 Qa8 21. Nxa5
Rb6 22. Nc6 Bd6 23. Bc4 Qa3 24. Rd3 Qa8 25. a4 Re8 26. a5 Rb7 27. Rd1 Ne4 28. a6
Rb6 29. Bb2 Rxa6 30. Bxa6 Qxa6 31. Re1 Ndf6 32. Nfe5 Bxe5 33. Nxe5 Qb7 34. Nd3
Qxd5 35. Bxf6 Nxf6 36. Rxe8+ Nxe8 37. Nxc5 Qc6 38. Qe4 1/2-1/2

[Event "Qatar Masters Open 2023"]
[Site "Doha QAT"]
[Date "2023.10.11"]
[Round "1.33"]
[White "Parligras, Mircea-Emilian"]
[Black "Tan, Jun Ying"]
[Result "0-1"]
[WhiteTitle "GM"]
[BlackTitle "CM"]
[WhiteElo "2561"]
[BlackElo "2250"]
[WhiteFideId "1204297"]
[BlackFideId "5710413"]
[EventDate "2023.10.11"]

1. d4 Nf6 2. c4 c5 3. d5 e6 4. Nc3 exd5 5. cxd5 d6 6. Nf3 g6 7. Nd2 Bg7 8. e4
O-O 9. Be2 Re8 10. O-O Nbd7 11. a4 Ne5 12. Ndb1 c4 13. Na3 Bd7 14. Bf4 Qe7 15.
Re1 Rac8 16. h3 Nh5 17. Bh2 Qh4 18. Nab5 Bxb5 19. axb5 Nf4 20. Bg3 Qf6 21. Bxf4
Qxf4 22. Rxa7 Nd3 23. Rf1 Bxc3 24. bxc3 Qxe4 25. Bf3 Qe5 26. Rxb7 Qxc3 27. b6
Qd4 28. Bg4 Rb8 29. Rc7 Qxb6 30. Rc6 Qd4 31. Rxd6 Rb2 32. Qf3 Nxf2 33. Kh2 Qe5+ 0-1

[Event "Qatar Masters Open 2023"]
[Site "Doha QAT"]
[Date "2023.10.11"]
[Round "1.34"]
[White "Savitha, Shri B"]
[Black "Rasulov, Vugar"]
[Result "0-1"]
[WhiteTitle "WGM"]
[BlackTitle "GM"]
[WhiteElo "2375"]
[BlackElo "2560"]
[WhiteFideId "35061887"]
[BlackFideId "13402390"]
[EventDate "2023.10.11"]

1. e4 c5 2. Nf3 Nc6 3. d4 cxd4 4. Nxd4 Qb6 5. Nb3 Nf6 6. Nc3 e6 7. Be3 Qc7 8. a3
a6 9. Be2 b5 10. O-O Be7 11. f4 d6 12. Bf3 Bb7 13. Qe1 O-O 14. Qg3 Rac8 15. Kh1
Rfe8 16. e5 dxe5 17. fxe5 Nd7 18. Bf4 Kh8 19. Rae1 b4 20. axb4 Nxb4 21. Re2 Bxf3
22. Rxf3 Nc5 23. Nxc5 Bxc5 24. Be3 Bxe3 25. Rfxe3 Red8 26. h3 Nc6 27. Qf4 f6 28.
Qa4 Nxe5 29. Qxa6 Rd6 30. Qa2 h6 31. Re1 Qb7 32. R3e2 Ra6 33. Qb1 Rb6 34. Nd1
Ng6 35. Rf2 e5 36. Kh2 Nf4 37. b3 Rd6 38. Ne3 Rcd8 39. Qc1 Qa7 40. Ref1 Qd7 41.
Nc4 Rd4 42. Qe3 Qc6 43. Qf3 Qc5 44. Ra1 Ne6 45. Rff1 Qc7 46. Kh1 Ng5 47. Qe3 Qc6
48. Kh2 Re4 49. Qf2 Red4 50. Qe2 Ne6 51. Ra7 Nf4 52. Qg4 Rg8 53. Qf3 Qxf3 54.
Rxf3 Rd1 55. Rg3 Ne2 56. Rg6 Nd4 57. c3 Nf5 58. Rg4 Rc1 59. Rf7 Kh7 60. b4 Rxc3
61. b5 h5 62. Re4 Rb8 63. Nxe5 Nd6 64. Nd7 Rxb5 65. Nxf6+ Kg6 66. Rd7 Nxe4 67.
Nxe4 Rc6 68. Rd2 Re5 69. Nf2 Kh6 70. Rb2 Rd6 71. Nh1 g6 72. Nf2 Re1 73. Ra2 Rd4
74. Rb2 Ra1 75. Re2 Rb4 76. Kg3 Rba4 77. Re7 R1a2 78. Rf7 Ra7 79. Rf4 Kg7 80. h4
R2a3+ 81. Kh2 Rf7 82. Rxf7+ Kxf7 83. g3 Ke6 84. Kg2 Ke5 85. Nh3 Ke4 86. Nf4 Ra6
87. Kh3 Kf3 88. Kh2 Kg4 0-1

[Event "Qatar Masters Open 2023"]
[Site "Doha QAT"]
[Date "2023.10.11"]
[Round "1.35"]
[White "Kaidanov, Gregory"]
[Black "Begmuratov, Khumoyun"]
[Result "1-0"]
[WhiteTitle "GM"]
[BlackTitle "FM"]
[WhiteElo "2554"]
[BlackElo "2374"]
[WhiteFideId "2008564"]
[BlackFideId "14210207"]
[EventDate "2023.10.11"]

1. e4 e5 2. Nf3 Nc6 3. Bc4 Be7 4. d4 d6 5. dxe5 dxe5 6. Qxd8+ Bxd8 7. Nc3 Nf6 8.
Be3 O-O 9. Bc5 Re8 10. Ng5 Be6 11. Nxe6 fxe6 12. O-O-O Na5 13. Bb5 c6 14. Be2 b5
15. Bd6 Bb6 16. Bxe5 b4 17. Bxf6 gxf6 18. Na4 Bxf2 19. Rd7 c5 20. Bh5 Red8 21.
Rhd1 Bd4 22. Nxc5 Rxd7 23. Nxd7 Nc6 24. e5 fxe5 25. Bf3 Rc8 26. Re1 Kf7 27. Bxc6
Rxc6 28. Nxe5+ Bxe5 29. Rxe5 Ra6 30. Rb5 Rxa2 31. Rxb4 Ra1+ 32. Kd2 Rg1 33. Rf4+
Ke7 34. Rf2 e5 35. Ke3 Ke6 36. Rd2 Re1+ 37. Re2 Rb1 38. c4 Rc1 39. Kd3 Kd6 40.
b4 Rh1 41. g3 Ra1 42. Rd2 a5 43. bxa5 Kc6 44. Rf2 Rxa5 45. Ke4 Rc5 46. Rf6+ Kd7
47. Rh6 Rxc4+ 48. Kxe5 Ke7 49. Rxh7+ Kf8 50. Kf5 Rc5+ 51. Kg6 Rc6+ 52. Kh5 Rc5+
53. Kh4 Rc2 54. h3 Kg8 55. Ra7 Rc4+ 56. g4 Rc3 57. g5 Rb3 58. Kg4 Rb4+ 59. Kh5
Kf8 60. h4 1-0

[Event "Qatar Masters Open 2023"]
[Site "Doha QAT"]
[Date "2023.10.11"]
[Round "1.36"]
[White "Nitin, S."]
[Black "Adhiban, Baskaran"]
[Result "0-1"]
[WhiteTitle "IM"]
[BlackTitle "GM"]
[WhiteElo "2373"]
[BlackElo "2551"]
[WhiteFideId "5018277"]
[BlackFideId "5018471"]
[EventDate "2023.10.11"]

1. e4 c5 2. Nf3 Nc6 3. d4 cxd4 4. Nxd4 g6 5. c4 Nf6 6. Nc3 Nxd4 7. Qxd4 d6 8.
Be2 Bg7 9. Be3 O-O 10. Qd2 a5 11. O-O a4 12. Rab1 Qa5 13. Rfc1 Be6 14. f3 Rfc8
15. b4 axb3 16. axb3 Qb4 17. Rc2 Nd7 18. Nb5 Qxd2 19. Rxd2 Nc5 20. Bd4 Bh6 21.
Rc2 Bd7 22. Nc3 Ne6 23. Bf2 Bc6 24. b4 Ra3 25. c5 dxc5 26. bxc5 Rd8 27. Nd5 Bxd5
28. exd5 Rxd5 29. Bc4 Rd7 30. Bxe6 fxe6 31. h4 Rad3 32. Kf1 Kf7 33. Rcb2 Rd1+
34. Rxd1 Rxd1+ 35. Ke2 Rd7 36. Be3 Bg7 37. Rb4 Be5 38. g4 h5 39. gxh5 gxh5 40.
Bf2 Kg6 41. Ra4 Kf5 42. Ra7 Rc7 43. Ra8 Bc3 44. Be3 Bf6 45. Ra4 e5 46. Bf2 Ke6
47. Ra8 Kd5 48. Rg8 Rd7 49. Rg1 Kc6 50. Rg6 Rd8 51. Rh6 Rh8 52. Rg6 Kd5 53. Rg1
Ra8 54. Rb1 Kc6 55. Rb6+ Kc7 56. Rb4 Ra2+ 57. Kf1 Ra6 58. f4 Kc6 59. fxe5 Bxe5
60. Re4 Kd5 61. Rb4 Ra1+ 62. Kg2 Ra2 63. Kf3 Rb2 64. Ra4 Rb3+ 65. Kg2 Rb1 66.
Kf3 Bc7 67. Rd4+ Kc6 68. Re4 Rb3+ 69. Kg2 e5 70. Re1 Rb4 71. Ra1 Rg4+ 72. Kf3
Bd8 73. Ra8 Bxh4 74. Bxh4 Rxh4 75. Rc8+ Kd5 0-1

[Event "Qatar Masters Open 2023"]
[Site "Doha QAT"]
[Date "2023.10.11"]
[Round "1.37"]
[White "Makarian, Rudik"]
[Black "Laddha, Shubh Jayesh"]
[Result "1/2-1/2"]
[WhiteTitle "IM"]
[BlackTitle "FM"]
[WhiteElo "2548"]
[BlackElo "2373"]
[WhiteFideId "44105681"]
[BlackFideId "30942799"]
[EventDate "2023.10.11"]

1. d4 d5 2. c4 c6 3. cxd5 cxd5 4. Bf4 Nf6 5. Nc3 Nc6 6. e3 a6 7. Be2 Bf5 8. Nf3
Nh5 9. Be5 e6 10. O-O Be7 11. Rc1 Nf6 12. Qb3 Na5 13. Qa4+ Nc6 14. Qb3 Na5 15.
Qd1 Nc6 16. Na4 O-O 17. Qb3 Na5 18. Qb6 Nd7 19. Qxd8 Bxd8 20. Bd6 Re8 21. Nd2 b5
22. Nc5 Nxc5 23. Bxc5 Rc8 24. b3 Nb7 25. b4 Nxc5 26. bxc5 Ra8 27. a3 Bc7 28. Nb3
Reb8 29. Rfd1 a5 30. Bd3 a4 31. Na1 Bxd3 32. Rxd3 b4 33. axb4 Rxb4 34. Ra3 e5
35. Nc2 Rc4 36. Ra2 exd4 37. exd4 Bd8 38. Rd1 Bf6 39. Kf1 Re8 40. Ne3 Rxd4 41.
Rxd4 Bxd4 42. Nxd5 Bxc5 43. Rxa4 h6 44. Rc4 Bf8 45. f4 Rd8 46. Rd4 Rd6 47. Ke2
f5 48. Rd3 Kf7 49. Ne3 Rxd3 50. Kxd3 Ke6 51. Ke2 Bc5 52. Nf1 g5 53. fxg5 hxg5
54. h3 g4 55. hxg4 fxg4 56. Nh2 Kf5 57. g3 Bd6 58. Kf2 Bxg3+ 59. Kxg3 Ke4 60.
Kxg4 Ke5 1/2-1/2

[Event "Qatar Masters Open 2023"]
[Site "Doha QAT"]
[Date "2023.10.11"]
[Round "1.38"]
[White "Audi, Ameya"]
[Black "Lalit Babu M R"]
[Result "1-0"]
[WhiteTitle "IM"]
[BlackTitle "GM"]
[WhiteElo "2372"]
[BlackElo "2547"]
[WhiteFideId "25034430"]
[BlackFideId "5024595"]
[EventDate "2023.10.11"]

1. e4 e5 2. Nf3 Nc6 3. Bc4 Nf6 4. d3 Bc5 5. O-O d6 6. c3 a6 7. a4 Ba7 8. Be3 O-O
9. Bxa7 Rxa7 10. Re1 Ne7 11. Nbd2 Ng6 12. a5 Nf4 13. d4 Qe7 14. Qb3 Bg4 15. g3
Nh3+ 16. Kg2 Nd7 17. Re3 Qf6 18. Rf1 Qh6 19. Bd5 exd4 20. cxd4 Nf6 21. Bc4 Bd7
22. e5 Ng4 23. Re4 dxe5 24. dxe5 Bf5 25. Rd4 Ng5 26. Nxg5 Qxg5 27. Nf3 Qh6 28.
h3 Nxe5 29. Nxe5 Bxh3+ 30. Kg1 Bxf1 31. Bxf7+ Kh8 32. Rh4 1-0

[Event "Qatar Masters Open 2023"]
[Site "Doha QAT"]
[Date "2023.10.11"]
[Round "1.39"]
[White "Visakh, N R"]
[Black "Panesar, Vedant"]
[Result "1/2-1/2"]
[WhiteTitle "GM"]
[BlackTitle "FM"]
[WhiteElo "2547"]
[BlackElo "2372"]
[WhiteFideId "25012223"]
[BlackFideId "35033018"]
[EventDate "2023.10.11"]

1. Nf3 d5 2. g3 c5 3. Bg2 Nc6 4. d4 Nf6 5. O-O e6 6. c3 cxd4 7. cxd4 Be7 8. Nc3
O-O 9. Ne5 Bd7 10. Bf4 Nh5 11. e3 Nxf4 12. gxf4 Nxe5 13. dxe5 g6 14. Qd2 Rc8 15.
a3 Qb6 16. Rfd1 Bb5 17. Rac1 Bc4 18. Bf1 Bxf1 19. Rxf1 Rc4 20. Ne2 Rfc8 21. Rxc4
dxc4 22. Qc2 Qc7 23. Rd1 b5 24. Qe4 Rd8 25. Rxd8+ Qxd8 26. Nd4 Bc5 27. Nxb5 Qd1+
28. Kg2 Qg4+ 29. Kf1 Qd1+ 30. Kg2 Qg4+ 31. Kf1 Qd1+ 1/2-1/2

[Event "Qatar Masters Open 2023"]
[Site "Doha QAT"]
[Date "2023.10.11"]
[Round "1.40"]
[White "Manish Anto, Cristiano F"]
[Black "Fawzy, Adham"]
[Result "1/2-1/2"]
[WhiteTitle "IM"]
[BlackTitle "GM"]
[WhiteElo "2368"]
[BlackElo "2535"]
[WhiteFideId "25095927"]
[BlackFideId "10613129"]
[EventDate "2023.10.11"]

1. e4 c5 2. Nf3 Nc6 3. d4 cxd4 4. Nxd4 e5 5. Nb5 d6 6. c4 Be7 7. N1c3 a6 8. Na3
Be6 9. Be2 Bg5 10. O-O h6 11. Nc2 Nge7 12. Be3 Bxe3 13. Nxe3 Nd4 14. Kh1 Ng6 15.
Ncd5 O-O 16. f4 Bxd5 17. Nxd5 Ne7 18. Ne3 Kh8 19. Bd3 Qa5 20. Rf2 exf4 21. Rxf4
Qe5 22. Rf2 Ne6 23. Rc1 Nc5 24. Bb1 Nc6 25. Nf5 Rad8 26. Rd2 Rd7 27. Nxd6 Kg8
28. Nf5 Rfd8 29. Rxd7 Rxd7 30. Qe2 Qf4 31. Rd1 Rxd1+ 32. Qxd1 Ne5 33. h3 Ne6 34.
b3 Qf2 35. Qg1 Qb2 36. Qf1 Qd2 37. Ne7+ Kh8 38. Qf5 Qd1+ 39. Kh2 Qd6 40. Kh1
Qd1+ 41. Kh2 Qd6 42. Kh1 Qd1+ 1/2-1/2

[Event "Qatar Masters Open 2023"]
[Site "Doha QAT"]
[Date "2023.10.11"]
[Round "1.41"]
[White "Yilmazyerli, Mert"]
[Black "Lee, Jun Hyeok"]
[Result "1-0"]
[WhiteTitle "GM"]
[BlackTitle "IM"]
[WhiteElo "2533"]
[BlackElo "2362"]
[WhiteFideId "6305962"]
[BlackFideId "13202340"]
[EventDate "2023.10.11"]

1. d4 d5 2. c4 e6 3. Nc3 Nf6 4. cxd5 exd5 5. Bg5 c6 6. e3 Bd6 7. Bd3 O-O 8. Qc2
h6 9. Bh4 Re8 10. Nf3 Be6 11. Ne5 c5 12. O-O cxd4 13. exd4 Nc6 14. Nxc6 bxc6 15.
Bg3 Bxg3 16. hxg3 Ng4 17. Be2 Qg5 18. Qc1 Rab8 19. Qxg5 hxg5 20. Bxg4 Bxg4 21.
f3 Bc8 22. Rfe1 Kf8 23. b3 Rb4 24. Rxe8+ Kxe8 25. Rd1 Kd7 26. Kf2 Kd6 27. g4 Be6
28. Na4 f6 29. Ke3 Rb8 30. Rc1 Re8 31. Kf2 Rb8 32. Nc5 Bf7 33. Rh1 Bg6 34. g3
Rg8 35. f4 gxf4 36. gxf4 Be8 37. f5 Bd7 38. Rh7 Bc8 39. Kf3 Kc7 40. Kf4 Kd6 41.
b4 Bd7 42. Rh3 Bc8 43. Rh7 a6 44. a3 Ke7 45. g5 Kf7 46. g6+ Ke7 47. Kg4 Kd6 48.
a4 Kc7 49. Nd3 Kb6 50. Nf4 a5 51. bxa5+ Kxa5 52. Nh5 c5 53. Rxg7 Rxg7 54. Nxg7
c4 55. Ne6 Bxe6 56. fxe6 c3 57. e7 c2 58. e8=Q c1=Q 59. Qb5# 1-0

[Event "Qatar Masters Open 2023"]
[Site "Doha QAT"]
[Date "2023.10.11"]
[Round "1.42"]
[White "Shahil, Dey"]
[Black "Vignesh, N R"]
[Result "1/2-1/2"]
[WhiteTitle "IM"]
[BlackTitle "GM"]
[WhiteElo "2357"]
[BlackElo "2527"]
[WhiteFideId "35062352"]
[BlackFideId "25012215"]
[EventDate "2023.10.11"]

1. e4 e5 2. Nf3 Nc6 3. Nc3 Nf6 4. d4 exd4 5. Nxd4 d6 6. Bf4 Be7 7. Qd2 Nxd4 8.
Qxd4 O-O 9. O-O-O Be6 10. f3 a6 11. g4 Nd7 12. Nd5 Bg5 13. Bxg5 Qxg5+ 14. f4 Qh4
15. Nxc7 Bxg4 16. Rg1 g6 17. Rxg4 Qxg4 18. Nxa8 Qxf4+ 19. Qd2 Qxd2+ 20. Rxd2
Rxa8 21. Rxd6 Ne5 22. Rb6 Ra7 23. Kd2 Kf8 24. Ke3 Ke7 25. a4 Nd7 26. Rb4 b6 27.
Bh3 a5 28. Rb5 Rc7 29. c3 Nc5 30. b3 Rc6 31. Bf1 Re6 32. Bc4 Rxe4+ 33. Kf3 Rh4
34. Rxb6 Nxa4 35. Rb7+ Kd6 36. Kg3 g5 37. Bxf7 Nxc3 38. Ra7 Ne4+ 39. Kg2 Rg4+
40. Kf3 Rf4+ 41. Kg2 Rf2+ 42. Kg1 Ra2 43. Be8 Nd2 44. Rxh7 Nf3+ 45. Kh1 Nh4 46.
Kg1 Rg2+ 47. Kf1 Rxh2 48. Rh5 Nf3 49. Rxh2 Nxh2+ 50. Ke2 Ng4 51. Kf3 Nf6 52. Bf7
Kc5 53. Ke3 Kb4 54. Be6 Kc3 55. Kf3 Kd4 56. Bc8 Ne4 57. Kg4 Kc3 58. Bb7 Kd4 59.
Bc8 Ke5 60. Bb7 Nc5 61. Bc6 Kf6 62. Bd5 Nd7 63. Be4 Ne5+ 64. Kh5 Nf7 65. Bd5 Nd6
66. Kg4 Ke5 67. Bc6 Ne4 68. Bb7 Kd4 69. Bc8 Kc3 70. Bb7 Nc5 71. Bc6 Ne6 72. Bd7
Nc5 73. Bc6 Kxb3 74. Kxg5 Ne6+ 75. Kg4 Kb4 76. Bd7 Nd4 77. Kf4 Nb5 78. Ke3 a4
79. Kd3 a3 80. Be6 Nc7 81. Bc4 Na6 82. Bg8 Nc5+ 83. Kc2 Ne4 84. Bf7 Nd6 85. Bg8
Nb5 86. Bf7 Nd4+ 87. Kb1 Kc3 88. Ka2 Kb4 89. Kb1 Nb3 90. Bxb3 Kxb3 91. Ka1 a2 1/2-1/2

[Event "Qatar Masters Open 2023"]
[Site "Doha QAT"]
[Date "2023.10.11"]
[Round "1.43"]
[White "Kevlishvili, Robby"]
[Black "Dragicevic, Drazen"]
[Result "1-0"]
[WhiteTitle "GM"]
[BlackTitle "FM"]
[WhiteElo "2521"]
[BlackElo "2354"]
[WhiteFideId "1040634"]
[BlackFideId "1707922"]
[EventDate "2023.10.11"]

1. e4 d5 2. exd5 Qxd5 3. Nc3 Qd6 4. d4 Nf6 5. Nf3 c6 6. Ne5 Nbd7 7. Nc4 Qc7 8.
g3 Nb6 9. Bf4 Qd8 10. Ne5 Nbd5 11. Nxd5 Nxd5 12. Bd2 Qb6 13. c3 g6 14. Bg2 Be6
15. O-O Bg7 16. c4 Nc7 17. Be3 Qa6 18. b3 O-O 19. Re1 Rad8 20. Qe2 Rfe8 21. Rad1
Qa5 22. Bf4 Qb6 23. Qe3 Na6 24. a3 Nb8 25. h4 Nd7 26. h5 Nxe5 27. Bxe5 Bxe5 28.
Qxe5 Bf5 29. b4 Qa6 30. hxg6 fxg6 31. Qc5 Kf7 32. d5 b6 33. Qe3 cxd5 34. Bxd5+
e6 35. Bc6 Rf8 36. b5 Qc8 37. c5 Rxd1 38. Rxd1 Rd8 39. Rd6 Ke7 40. Qd4 e5 41.
Qa4 Qc7 42. Rxd8 Kxd8 43. Qc4 Qe7 44. Qg8+ Kc7 45. Qa8 Qxc5 46. Qxa7+ Kd8 47.
Qxh7 Qc1+ 48. Kg2 e4 49. Qg8+ Ke7 50. Qe8+ Kd6 51. Qd8+ 1-0

[Event "Qatar Masters Open 2023"]
[Site "Doha QAT"]
[Date "2023.10.11"]
[Round "1.44"]
[White "Bagwe, Gaurang"]
[Black "Bellahcene, Bilel"]
[Result "1-0"]
[WhiteTitle "FM"]
[BlackTitle "GM"]
[WhiteElo "2348"]
[BlackElo "2520"]
[WhiteFideId "45039895"]
[BlackFideId "696358"]
[EventDate "2023.10.11"]

1. e4 e5 2. Nf3 Nc6 3. Bb5 a6 4. Ba4 Bc5 5. O-O Nge7 6. c3 Ba7 7. d4 Ng6 8. Bg5
f6 9. Be3 O-O 10. h4 d6 11. h5 Nge7 12. Nh4 exd4 13. cxd4 d5 14. Bb3 Na5 15. Nc3
Nxb3 16. Qxb3 c6 17. h6 g5 18. Nf3 Rf7 19. Rae1 b5 20. Nxg5 fxg5 21. Bxg5 Qd7
22. exd5 Nf5 23. dxc6 Qxc6 24. d5 Qc4 25. Qd1 Bb7 26. Re4 Qc5 27. Qg4 Kf8 28.
Rf4 Bc8 29. Qf3 Bb8 30. d6 Raa7 31. Ne4 Qe5 32. Rc1 Bb7 33. d7 1-0

[Event "Qatar Masters Open 2023"]
[Site "Doha QAT"]
[Date "2023.10.11"]
[Round "1.45"]
[White "Sankalp, Gupta"]
[Black "Nurmanova, Alua"]
[Result "1/2-1/2"]
[WhiteTitle "GM"]
[BlackTitle "WIM"]
[WhiteElo "2518"]
[BlackElo "2347"]
[WhiteFideId "5097010"]
[BlackFideId "13729390"]
[EventDate "2023.10.11"]

1. e4 c5 2. c3 d5 3. exd5 Qxd5 4. d4 Nf6 5. Nf3 Bg4 6. Nbd2 Nc6 7. dxc5 Qxc5 8.
h3 Bh5 9. Qa4 e5 10. Nb3 Qd5 11. Be2 e4 12. Nfd4 Bxe2 13. Nxe2 Be7 14. Be3 a6
15. c4 Qe5 16. Nbd4 O-O 17. Nxc6 bxc6 18. Bd4 Qg5 19. O-O c5 20. Be3 Qe5 21. b3
Rfd8 22. Rad1 Bd6 23. Ng3 h5 24. Rfe1 h4 25. Nf1 g5 26. Qa3 Kh7 27. Rd2 Rg8 28.
Red1 Be7 29. g4 hxg3 30. fxg3 Kg6 31. Qb2 Qe6 32. Rh2 Rh8 33. Kg2 Rh7 34. Qe2
Rah8 35. g4 Bd6 36. Rh1 Bc7 37. Nd2 Qe5 38. Rdg1 Rh4 39. Nf1 Qc3 40. Qd2 Qe5 41.
Bf2 Rd8 42. Qe2 Rd3 43. Ne3 Rh8 44. Rd1 Rhd8 45. Rxd3 exd3 46. Qf3 d2 47. h4 Rd4 1/2-1/2

[Event "Qatar Masters Open 2023"]
[Site "Doha QAT"]
[Date "2023.10.11"]
[Round "1.46"]
[White "Mammadova, Gulnar"]
[Black "Pranesh, M"]
[Result "0-1"]
[WhiteTitle "IM"]
[BlackTitle "GM"]
[WhiteElo "2346"]
[BlackElo "2515"]
[WhiteFideId "13403508"]
[BlackFideId "35028600"]
[EventDate "2023.10.11"]

1. e4 e5 2. Nf3 Nc6 3. Bc4 Nf6 4. d3 Bc5 5. c3 d6 6. O-O O-O 7. a4 a5 8. h3 Ba7
9. Na3 Ne7 10. Bb3 Ng6 11. Be3 c6 12. Re1 Bxe3 13. Rxe3 Nf4 14. Qd2 Bxh3 15.
gxh3 Nxh3+ 16. Kh1 Ng4 17. Rf1 g6 18. Nh2 Nxe3 19. fxe3 Kg7 20. Qg2 Qh4 21. Nc4
Ng5 22. Nd2 f6 23. Nf3 Qh3 24. Qe2 Qh5 25. Qg2 Qh3 26. Qe2 Nxf3 27. Rxf3 Qd7 28.
Qg2 f5 29. Rh3 f4 30. Nf3 Rae8 31. Nh4 fxe3 32. Nf5+ Kh8 33. Qxg6 e2 34. Qg1
Rxf5 35. exf5 Qxf5 36. Re3 Qf1 37. Kh2 Rf8 38. Rg3 Rf2+ 39. Kh1 Qxg1+ 40. Rxg1
Rf1 0-1